000 00869cam a22002533a 4500
001 509
003 PGUSA
005 20140828082949.0
008 080524s2008||||xxu|||||s|||||000 1 eng d
040 _aPGUSA
_beng
042 _adc
050 4 _aPR
100 1 _aLe Fanu, Joseph Sheridan,
_d1814-1873
245 1 4 _aThe Purcell Papers — Volume 1
_h[electronic resource] /
_cJoseph Sheridan Le Fanu
260 _bProject Gutenberg,
_c2008
505 0 _aMemoir of Joseph Sheridan Le Fanu -- The ghost and the bone-setter -- The fortunes of Sir Robert Ardagh -- The last heir of Castle Connor -- The drunkard's dream.
506 _aPublic domain in the USA.
516 _aElectronic text
653 _aIreland -- Fiction
653 _aFantasy fiction, English
830 0 _aProject Gutenberg
_v509
856 4 0 _uhttp://www.gutenberg.org/ebooks/509
942 _cEB
999 _c229860
_d229860